Sri Aurobindo for the young (Record no. 309232)

MARC details
000 -LEADER
fixed length control field 00583 a2200217 4500
005 - DATE & TIME
control field 20240717160545.0
008 - FIXED-LENGTH DATA ELEMENTS--GENERAL INFORMATION
fixed length control field 240717b |||||||| |||| 00| 0 eng d
020 ## - ISBN
International Standard Book Number 9789354914911
Price Rs. 155.00
040 ## - CATALOGING SOURCE
Original cataloging agency VIVEKANANDA LIBRARY
082 ## - DDC NUMBER
Classification number 181.4
Book Number A68B:S
100 ## - MAIN ENTRY--PERSONAL NAME
Personal name Bijlani, Ramesh
245 ## - TITLE STATEMENT
Title Sri Aurobindo for the young
260 ## - PUBLICATION, DISTRIBUTION, ETC. (IMPRINT)
Name of publisher, distributor, etc National Book Trust
Date of publication, distribution, etc 2022
Place of publication, distribution, etc New Delhi
300 ## - PHYSICAL DESCRIPTION
Pages xii, 86
650 ## - Subject
Subject The Why, What and How of Life
650 ## - Subject
Subject Whither goes my Life
650 ## - Subject
Subject Sri Aurobindo
650 ## - Subject
Subject Spiritual Master
700 ## - Added Entry Personal Name
Added Entry Personal Name Chandra, Subhash
942 ## - ADDED ENTRY ELEMENTS (KOHA)
Koha item type Books
Holdings
Withdrawn status Lost status Source of classification or shelving scheme Damaged status Not for loan Location (home branch) Sublocation or collection (holding branch) Shelving location Date acquired Koha issues (times borrowed) Koha full call number Accession No. Koha date last seen Koha item type
    Dewey Decimal Classification     VIVEKANANDA LIBRARY VIVEKANANDA LIBRARY Vivekananda Library 20/02/2024   181.4 A68B:S 435130 20/02/2024 Books
© Designed and Maintained by Vivekananda Library, MDU Rohtak